[Event "Championnat vétéran des B d RH 2019 (-22"]
[Site "AUBAGNE "]
[Date "2019.05.02"]
[Round "3.1"]
[White "Autouard, Jean-Luc"]
[Black "Roger, Patrick"]
[Result "0-1"]
[WhiteElo "1225"]
[BlackElo "1699"]
[PlyCount "68"]
[EventDate "2019.??.??"]
[WhiteTeam "Cercle d'Echecs Aubagnais"]
[BlackTeam "Echiquier Marseillais 1872"]

1. e4 e6 2. Nc3 d5 3. Bb5+ Bd7 4. Bxd7+ Qxd7 5. f4 d4 6. Nce2 Nf6 7. d3 c5 8.
Nf3 Nc6 9. O-O Qc7 10. Qe1 b5 11. f5 e5 12. Qh4 Nb4 13. Ne1 c4 14. Bg5 Be7 15.
a3 Nc6 16. c3 h6 17. cxd4 O-O-O 18. Bxf6 Bxf6 19. Qg3 Nxd4 20. Nxd4 Rxd4 21.
Rf3 Rhd8 22. Rf1 Qb6 23. Kh1 cxd3 24. Nf3 Rxe4 25. Nd2 Re2 26. Rad1 e4 27. h4
Bxb2 28. Qg4 Bf6 29. Nxe4 Rd4 30. Qf3 Rexe4 31. Rxd3 Rxh4+ 32. Kg1 Rxd3+ 33.
Qf2 Qxf2+ 34. Kxf2 Bd4+ 0-1

[Event "Championnat vétéran des B d RH 2019 (-22"]
[Site "AUBAGNE "]
[Date "2019.05.02"]
[Round "3.2"]
[White "Montanelli, Tristan"]
[Black "Vinet, Christophe"]
[Result "0-1"]
[WhiteElo "1661"]
[BlackElo "1641"]
[PlyCount "57"]
[EventDate "2019.??.??"]
[WhiteTeam "Club d'Echecs de Meyreuil"]
[BlackTeam "Club d'Echecs de Meyreuil"]

1. f4 d5 2. Nf3 Bg4 3. e3 Nd7 4. h3 Bxf3 5. Qxf3 e5 6. fxe5 Nxe5 7. Qg3 Ng6 8.
Nc3 Bd6 9. Qf2 c6 10. Be2 Qg5 11. O-O Nf6 12. e4 Qe5 13. g4 dxe4 14. Nd1 Nf4
15. Qh2 Nxe2+ 16. Qxe2 h5 17. Ne3 hxg4 18. hxg4 Rh2 19. Rf2 Rxf2 20. Qxf2 O-O-O
21. Qf5+ Kc7 22. Qxe5 Bxe5 23. Rb1 Bd4 24. g5 Bxe3+ 25. dxe3 Rd1+ 26. Kf2 Ng4+
27. Ke2 Rh1 28. Ra1 Rh2+ 29. Kd1 0-1

[Event "Championnat vétéran des B d RH 2019 (-22"]
[Site "AUBAGNE "]
[Date "2019.05.02"]
[Round "3.3"]
[White "Bedhouche, Sadek"]
[Black "Rocchia, Alex"]
[Result "1-0"]
[WhiteElo "1646"]
[BlackElo "1286"]
[PlyCount "24"]
[EventDate "2019.??.??"]
[WhiteTeam "Echiquier Marseillais 1872"]
[BlackTeam "Cercle d'Echecs Aubagnais"]

1. e4 e5 2. Nf3 Nc6 3. d4 exd4 4. Nxd4 Bc5 5. Be3 Bxd4 6. Bxd4 Qh4 7. Nc3 d5 8.
g3 Qe7 9. Bxg7 dxe4 10. Bxh8 f6 11. Qh5+ Kf8 12. O-O-O Be6 1-0

[Event "Championnat vétéran des B d RH 2019 (-22"]
[Site "AUBAGNE "]
[Date "2019.05.02"]
[Round "3.4"]
[White "Colandrea, Sauveur"]
[Black "Roux, Jean-Marie"]
[Result "1-0"]
[WhiteElo "1646"]
[BlackElo "1237"]
[PlyCount "60"]
[EventDate "2019.??.??"]
[WhiteTeam "Puy Ste Réparade"]
[BlackTeam "L'Echiquier du Roy René"]

1. d4 d5 2. c4 dxc4 3. e3 Nf6 4. Bxc4 Bf5 5. Qb3 e6 6. Qxb7 Nbd7 7. Nc3 Be7 8.
Nf3 O-O 9. O-O Bg4 10. Ne5 Nxe5 11. dxe5 Nd7 12. h3 Bh5 13. g4 Bxg4 14. hxg4
Nxe5 15. Be2 Bd6 16. f4 Qh4 17. Qg2 Ng6 18. Ne4 Qe7 19. Bd2 Rad8 20. Rad1 Bc5
21. Nxc5 Qxc5 22. Bc1 Rb8 23. Qf2 a5 24. e4 Qc6 25. Qe3 e5 26. f5 Nf4 27. Rxf4
exf4 28. Qxf4 Rbc8 29. Be3 Qc2 30. e5 Qc6 1-0

[Event "Championnat vétéran des B d RH 2019 (-22"]
[Site "AUBAGNE "]
[Date "2019.05.02"]
[Round "3.5"]
[White "Moncamp, Gilles"]
[Black "Souesme, Gerard"]
[Result "1-0"]
[WhiteElo "2121"]
[BlackElo "1361"]
[PlyCount "29"]
[EventDate "2019.??.??"]
[WhiteTeam "Echiquier Marseillais 1872"]
[BlackTeam "Echiquier Brignolais"]

1. e4 c6 2. d4 d5 3. e5 Bf5 4. Nc3 Nd7 5. g4 Bg6 6. Nge2 h6 7. Nf4 Bh7 8. e6
fxe6 9. Bd3 Ndf6 10. Nxe6 Qd7 11. Bf5 Bxf5 12. gxf5 h5 13. Bf4 Nh6 14. Qd3 g6
15. Nc7+ 1-0

[Event "Championnat vétéran des B d RH 2019 (-22"]
[Site "AUBAGNE "]
[Date "2019.05.02"]
[Round "3.6"]
[White "Pietrac, Christian"]
[Black "Porte, Jacques"]
[Result "1-0"]
[WhiteElo "1237"]
[BlackElo "1308"]
[PlyCount "75"]
[EventDate "2019.??.??"]
[WhiteTeam "Club d'Echecs de Miramas"]
[BlackTeam "Club d'Echecs de Miramas"]

1. Nf3 d5 2. g3 Nf6 3. Bg2 Nc6 4. O-O e5 5. d3 Bg4 6. Nbd2 Qd7 7. e4 Bc5 8. Nb3
Bb6 9. Be3 d4 10. Bc1 O-O-O 11. Nbd2 h5 12. Nc4 Bc5 13. a4 h4 14. Qd2 hxg3 15.
fxg3 Bh3 16. Qg5 Bxg2 17. Kxg2 Qh3+ 18. Kg1 Ng4 19. Qd2 Ne3 20. Nxe3 dxe3 21.
Qe2 Nd4 22. Nxd4 Bxd4 23. c3 Bc5 24. b4 Be7 25. Bxe3 b6 26. Rxf7 Bf6 27. Rd1
Qe6 28. Rxf6 gxf6 29. d4 exd4 30. cxd4 Qxe4 31. a5 Rhe8 32. Rd3 Rxd4 33. Rxd4
Qxd4 34. Qa6+ Kb8 35. Bxd4 Re4 36. axb6 Rxd4 37. Qxa7+ Kc8 38. Qxc7# 1-0

[Event "Championnat vétéran des B d RH 2019 (-22"]
[Site "AUBAGNE "]
[Date "2019.05.02"]
[Round "3.7"]
[White "Marku, Demeter"]
[Black "Kleitz, Michel"]
[Result "0-1"]
[WhiteElo "1426"]
[BlackElo "1753"]
[PlyCount "116"]
[EventDate "2019.??.??"]
[WhiteTeam "La Farlède Toulon Echecs"]
[BlackTeam "Issy-Les-Moulineaux"]

1. d4 Nf6 2. c4 c5 3. Nf3 cxd4 4. Nxd4 e5 5. Nb5 d6 6. h3 Be7 7. e3 O-O 8. Bd3
a6 9. N5c3 Nbd7 10. O-O b6 11. Bc2 Bb7 12. Nd2 d5 13. cxd5 Nxd5 14. Nxd5 Bxd5
15. Ne4 Bc6 16. b3 Qc7 17. Bb2 Rad8 18. Nc3 Qb7 19. e4 Nf6 20. Qe2 Bb4 21. Qc4
Rd4 22. Qe2 Bxc3 23. Bxc3 Bb5 24. Qe3 Bxf1 25. Bxd4 exd4 26. Qxd4 Bb5 27. a4
Bd7 28. Rd1 Be6 29. e5 Nd7 30. f4 g6 31. g4 Nb8 32. Be4 Qc7 33. f5 Bxb3 34. Qd3
Qc4 35. Qxc4 Bxc4 36. Rd4 b5 37. f6 h6 38. h4 Rc8 39. axb5 axb5 40. Kf2 Nc6 41.
Bxc6 Rxc6 42. Ke3 Be6 43. g5 hxg5 44. hxg5 Rc4 45. Rd3 b4 46. Rd8+ Kh7 47. Rb8
Rh4 48. Kd3 b3 49. Kc3 Rg4 50. Rb6 Rxg5 51. Rb5 Kh6 52. Kd4 Rg3 53. Kc5 Kg5 54.
Rb6 Kf5 55. Kd6 Rd3+ 56. Ke7 Kxe5 57. Rxe6+ fxe6 58. f7 Rf3 0-1

[Event "Championnat vétéran des B d RH 2019 (-22"]
[Site "AUBAGNE "]
[Date "2019.05.02"]
[Round "3.8"]
[White "Battaglia, Gerard"]
[Black "Gourdeau, Marie-Christine"]
[Result "1-0"]
[WhiteElo "1747"]
[BlackElo "1342"]
[PlyCount "63"]
[EventDate "2019.??.??"]
[WhiteTeam "Echiquier Marseillais 1872"]
[BlackTeam "L'Echiquier du Roy René"]

1. d4 d5 2. c4 e6 3. Nf3 c6 4. Nc3 f5 5. Bf4 Nf6 6. e3 Bd6 7. Bxd6 Qxd6 8. a3
O-O 9. Ne5 Nbd7 10. c5 Qc7 11. f4 Ne4 12. Nxe4 fxe4 13. Be2 Nxe5 14. dxe5 Qe7
15. Rc1 Bd7 16. Qd4 Be8 17. O-O Bg6 18. Rf2 h5 19. g4 hxg4 20. Bxg4 Bf5 21. Rg2
Bxg4 22. Rxg4 Rf5 23. Rc2 Raf8 24. b4 R8f7 25. a4 a6 26. Rcg2 Rh5 27. Qd1 Rh7
28. Rg6 Rf5 29. Qg4 Rf7 30. Rxe6 Qh4 31. Re8+ Rf8 32. Qe6+ 1-0

[Event "Championnat vétéran des B d RH 2019 (-22"]
[Site "AUBAGNE "]
[Date "2019.05.02"]
[Round "3.9"]
[White "Innocenti, Georges"]
[Black "Pierrugues, Laurent"]
[Result "0-1"]
[WhiteElo "1399"]
[BlackElo "1741"]
[PlyCount "84"]
[EventDate "2019.??.??"]
[WhiteTeam "Cercle d'Echecs Aubagnais"]
[BlackTeam "Echiquier Marseillais 1872"]

1. e4 e6 2. d4 d5 3. exd5 exd5 4. Nf3 Bg4 5. Bd3 Nc6 6. Nc3 Nxd4 7. h3 Nxf3+ 8.
gxf3 Bh5 9. Be2 Bb4 10. Bd2 Nf6 11. a3 Bd6 12. f4 Qe7 13. O-O Bxe2 14. Qxe2
Qxe2 15. Nxe2 O-O 16. Rae1 c6 17. f5 Rfe8 18. Bf4 Bxf4 19. Nxf4 Rxe1 20. Rxe1
Re8 21. Rxe8+ Nxe8 22. Nd3 Nd6 23. Nc5 b6 24. Nd3 f6 25. Nb4 c5 26. Nxd5 Nxf5
27. c4 Kf7 28. Nc3 Nd6 29. b3 Ke6 30. Kf1 Ke5 31. Ke2 Kd4 32. Kd2 Ne4+ 33. Nxe4
Kxe4 34. Ke2 g5 35. f3+ Kf4 36. Kf2 h5 37. Kg2 Ke3 38. Kg3 Kd3 39. Kf2 Kc3 40.
b4 cxb4 41. axb4 Kxc4 42. Ke3 Kxb4 0-1

[Event "Championnat vétéran des B d RH 2019 (-22"]
[Site "AUBAGNE "]
[Date "2019.05.02"]
[Round "3.10"]
[White "Cescon, Moreno"]
[Black "Ulloa, Philippe"]
[Result "0-1"]
[WhiteElo "1739"]
[BlackElo "1314"]
[PlyCount "87"]
[EventDate "2019.??.??"]
[WhiteTeam "Cercle d'Echecs Aubagnais"]
[BlackTeam "Cercle d'Echecs Aubagnais"]

1. e4 e5 2. Nf3 d6 3. d4 exd4 4. Nxd4 c5 5. Bb5+ Bd7 6. Bxd7+ Qxd7 7. Nf5 Nf6
8. Qe2 Nc6 9. c3 g6 10. Ng3 Bg7 11. O-O O-O 12. Nd2 Rfe8 13. Qf3 Ne5 14. Qe2 a6
15. Nb3 b6 16. Bf4 Nc6 17. Qf3 Re6 18. Rad1 Rae8 19. Nd2 Ne5 20. Bxe5 Rxe5 21.
Nc4 R5e6 22. e5 Nh5 23. Rxd6 Qb5 24. Rxe6 fxe6 25. Nd6 Rf8 26. Qxf8+ Kxf8 27.
Nxb5 axb5 28. Nxh5 gxh5 29. f4 Kf7 30. Rd1 Bf8 31. Rd7+ Kg6 32. Rb7 b4 33. cxb4
cxb4 34. Rxb6 Bc5+ 35. Kf1 Bxb6 36. Ke2 Kf5 37. Kf3 Bd4 38. b3 h4 39. g4+ hxg3
40. hxg3 h5 41. Ke2 Ke4 42. Kf1 Kf3 43. f5 exf5 44. e6 0-1

[Event "Championnat vétéran des B d RH 2019 (-22"]
[Site "AUBAGNE "]
[Date "2019.05.02"]
[Round "3.11"]
[White "Deregnaucourt, Yves"]
[Black "Biglia, Michel"]
[Result "1-0"]
[WhiteElo "1636"]
[BlackElo "1237"]
[PlyCount "45"]
[EventDate "2019.??.??"]
[WhiteTeam "Cercle d'Echecs Aubagnais"]
[BlackTeam "Cercle d'Echecs Aubagnais"]

1. e4 e5 2. Nf3 Nc6 3. Bc4 h6 4. c3 Qe7 5. O-O Nf6 6. d4 d6 7. d5 Nd8 8. Bd3 c6
9. c4 b6 10. Nc3 Ba6 11. Bd2 cxd5 12. Qa4+ Qd7 13. Qxa6 dxe4 14. Nxe4 d5 15.
Nxe5 Qb7 16. Nxf6+ gxf6 17. Qb5+ Ke7 18. Nf3 Qc6 19. Rfe1+ Kd7 20. Qb3 Rg8 21.
Nd4 Qb7 22. Bf5+ Kc7 23. Rac1 1-0

[Event "Championnat vétéran des B d RH 2019 (-22"]
[Site "AUBAGNE "]
[Date "2019.05.02"]
[Round "3.12"]
[White "Gomez, Guy"]
[Black "Boudet, Nicole"]
[Result "1-0"]
[WhiteElo "1575"]
[BlackElo "1073"]
[PlyCount "43"]
[EventDate "2019.??.??"]
[WhiteTeam "Cercle d'Echecs Aubagnais"]
[BlackTeam "Cercle d'Echecs Aubagnais"]

1. e4 e5 2. Nf3 Nc6 3. Bc4 Bc5 4. O-O Nf6 5. a3 d5 6. exd5 Nxd5 7. d3 Be6 8. b4
Bd6 9. Nbd2 Qf6 10. Ne4 Qe7 11. b5 Na5 12. Bxd5 Bxd5 13. Re1 Bxe4 14. Rxe4 f6
15. Nd4 g6 16. Qf3 O-O-O 17. Bd2 Bc5 18. Nc6 Nxc6 19. bxc6 b6 20. Qe2 Qd6 21.
d4 Bxd4 22. Qa6+ 1-0

[Event "Championnat vétéran des B d RH 2019 (-22"]
[Site "AUBAGNE "]
[Date "2019.05.02"]
[Round "3.13"]
[White "Vicari-Vento, Salvatore"]
[Black "Corrias, Robert"]
[Result "0-1"]
[WhiteElo "1347"]
[BlackElo "1532"]
[PlyCount "80"]
[EventDate "2019.??.??"]
[WhiteTeam "Cercle d'Echecs Aubagnais"]
[BlackTeam "Club d'Echecs Pennois (CEP)"]

1. e4 e6 2. d4 d5 3. e5 c5 4. c3 Nc6 5. Nf3 Nge7 6. dxc5 Ng6 7. Bb5 Bxc5 8. O-O
O-O 9. Bxc6 bxc6 10. Re1 a5 11. Nbd2 Qb6 12. Rf1 Ba6 13. Nb3 Bxf1 14. Nxc5 Qxc5
15. Qxf1 Rab8 16. Rb1 a4 17. a3 Rb7 18. Be3 Qb5 19. Qxb5 cxb5 20. Bc5 Rc8 21.
Bb4 Rc4 22. Re1 Re4 23. Kf1 Rxe1+ 24. Kxe1 Rc7 25. g3 Rc4 26. Kd2 f6 27. Bd6
Kf7 28. exf6 gxf6 29. Nd4 Rxd4+ 30. cxd4 e5 31. dxe5 Nxe5 32. h4 Nc4+ 33. Kc3
Nxd6 34. Kd4 Ke6 35. g4 Nc4 36. Kc3 Ke5 37. g5 fxg5 38. hxg5 Nd6 39. f3 d4+ 40.
Kd3 Nf5 0-1

[Event "Championnat vétéran des B d RH 2019 (-22"]
[Site "AUBAGNE "]
[Date "2019.05.02"]
[Round "3.14"]
[White "Frontera, Pierre"]
[Black "Cens, Alain"]
[Result "0-1"]
[WhiteElo "1259"]
[BlackElo "1483"]
[PlyCount "46"]
[EventDate "2019.??.??"]
[WhiteTeam "Cercle d'Echecs Aubagnais"]
[BlackTeam "Echiquier Pierreverdant"]

1. e4 c5 2. Nc3 Nc6 3. Nf3 g6 4. Bc4 e6 5. O-O Bg7 6. Re1 Nge7 7. d3 O-O 8. Rb1
d5 9. exd5 exd5 10. Bb5 a6 11. Bxc6 Nxc6 12. a3 Bg4 13. h3 Bf5 14. Ne2 Qd7 15.
Ng3 Rfe8 16. Nxf5 Qxf5 17. b4 c4 18. b5 Nd4 19. Nh2 Nxb5 20. Rxe8+ Rxe8 21. Bb2
Bxb2 22. Rxb2 Qe5 23. Nf3 Qxb2 0-1

[Event "Championnat vétéran des B d RH 2019 (-22"]
[Site "AUBAGNE "]
[Date "2019.05.02"]
[Round "3.15"]
[White "Perdiolat, Francis"]
[Black "Catanese, Sauveur"]
[Result "1/2-1/2"]
[WhiteElo "1479"]
[BlackElo "1026"]
[PlyCount "40"]
[EventDate "2019.??.??"]
[WhiteTeam "Puy Ste Réparade"]
[BlackTeam "Cercle d'Echecs Aubagnais"]

1. e4 d6 2. d4 g6 3. Nc3 Bg7 4. Be3 Nf6 5. Qd2 O-O 6. O-O-O e6 7. Nf3 Re8 8. h3
a6 9. g4 b5 10. Bd3 Bb7 11. g5 b4 12. gxf6 bxc3 13. Qxc3 Bxf6 14. e5 Bxf3 15.
exf6 Bxd1 16. Rxd1 Nd7 17. Bg5 Nxf6 18. Be4 Nxe4 19. Bxd8 Nxc3 20. bxc3 Raxd8
1/2-1/2

[Event "Championnat vétéran des B d RH 2019 (-22"]
[Site "AUBAGNE "]
[Date "2019.05.02"]
[Round "3.16"]
[White "Hidreau, Olivier"]
[Black "Graells, Christian"]
[Result "0-1"]
[WhiteElo "1303"]
[BlackElo "1475"]
[PlyCount "136"]
[EventDate "2019.??.??"]
[WhiteTeam "Club d'Echecs de Meyreuil"]
[BlackTeam "Club d'Echecs de Meyreuil"]

1. e3 e5 2. d4 c6 3. dxe5 Qa5+ 4. Nc3 Qxe5 5. Nf3 Qc7 6. a4 Nf6 7. b3 Bb4 8.
Bb2 O-O 9. Bd3 d5 10. O-O Bg4 11. h3 Bh5 12. Be2 Nbd7 13. Na2 Bd6 14. Nh4 Bxe2
15. Qxe2 Rae8 16. Rad1 Re4 17. Rd4 Rfe8 18. Rxe4 Rxe4 19. Nf3 Bf4 20. Nc3 Re6
21. Nd1 Bh6 22. Nd4 Re8 23. Nf5 Bg5 24. f4 Bxf4 25. Rxf4 Qxf4 26. Qf3 Qg5 27.
Nd6 Ne5 28. Bxe5 Rxe5 29. Nxb7 Ne4 30. Qf4 Qxf4 31. exf4 Rf5 32. g3 Nxg3 33.
Kg2 Ne4 34. Kf3 g5 35. Kg2 Rxf4 36. Nd8 c5 37. Nc6 a6 38. Ne7+ Kg7 39. Nxd5 Rf5
40. N5e3 Rf6 41. Nd5 Rf5 42. N1e3 Re5 43. Nc7 a5 44. Ncd5 f5 45. Nb6 Nc3 46.
Nbc4 Re4 47. Nxf5+ Kg6 48. Nfe3 h5 49. Kf3 Rf4+ 50. Kg2 Re4 51. Kf3 Rf4+ 52.
Kg2 Ne4 53. Ne5+ Kg7 54. Nd3 Rf6 55. Nc4 Ra6 56. Kf3 Nc3 57. Nce5 Rf6+ 58. Kg3
Ne4+ 59. Kg2 Rf5 60. Nf3 g4 61. hxg4 hxg4 62. Nh4 Rh5 63. Nf2 Nxf2 64. Kxf2
Rxh4 65. Kg3 Rh6 66. c3 Rg6 67. b4 cxb4 68. cxb4 axb4 0-1

[Event "Championnat vétéran des B d RH 2019 (-22"]
[Site "AUBAGNE "]
[Date "2019.05.02"]
[Round "3.17"]
[White "Lassalle, Marc"]
[Black "Bartolini, Manuela"]
[Result "0-1"]
[WhiteElo "1434"]
[BlackElo "1021"]
[PlyCount "102"]
[EventDate "2019.??.??"]
[WhiteTeam "L'Echiquier du Roy René"]
[BlackTeam "Cercle d'Echecs Aubagnais"]

1. d4 Nf6 2. Bf4 Nd5 3. Bg3 e6 4. a3 c6 5. e4 Nc7 6. Nc3 a6 7. a4 d5 8. e5 Bb4
9. Qg4 Bf8 10. Bd3 h5 11. Qh4 g5 12. Qh3 g4 13. Qh4 Be7 14. Qxe7+ Qxe7 15. Nge2
h4 16. Bf4 c5 17. dxc5 Qxc5 18. Be3 Qc6 19. h3 b5 20. a5 Nd7 21. hxg4 Nc5 22.
Nd4 Nxd3+ 23. cxd3 Qd7 24. Bg5 h3 25. gxh3 Kf8 26. h4 Ne8 27. h5 f6 28. exf6
Qf7 29. Nf3 Nxf6 30. Ne5 Qb7 31. Ng6+ Ke8 32. Nxh8 Nh7 33. Bf4 d4 34. Kd2 Qf3
35. Bg3 dxc3+ 36. bxc3 Qxg4 37. Rae1 Qg5+ 38. Kc2 Qd5 39. Kb2 Ra7 40. d4 Rb7
41. Re5 Qxh1 42. Rc5 Kd7 43. Nf7 Ke8 44. Nd6+ Kd7 45. Rxc8 b4 46. c4 Qf3 47.
Rh8 Qc3+ 48. Kb1 Qd3+ 49. Kc1 b3 50. Rxh7+ Qxh7 51. Nxb7 Qc2# 0-1

[Event "Championnat vétéran des B d RH 2019 (-22"]
[Site "AUBAGNE "]
[Date "2019.05.02"]
[Round "3.18"]
[White "Gaudfernau, Pierre"]
[Black "Amoros, Jean"]
[Result "0-1"]
[WhiteElo "1241"]
[BlackElo "1426"]
[PlyCount "47"]
[EventDate "2019.??.??"]
[WhiteTeam "Echiquier Brignolais"]
[BlackTeam "Club d'Echecs de Meyreuil"]

1. d4 Nf6 2. c4 e5 3. e3 exd4 4. exd4 Bb4+ 5. Bd2 Bxd2+ 6. Nxd2 O-O 7. Be2 Re8
8. Ngf3 Qe7 9. O-O Qxe2 10. Qxe2 Rxe2 11. Rae1 Rxe1 12. Rxe1 d6 13. g4 Bxg4 14.
Ne4 Bxf3 15. Ng5 Bh5 16. Re7 Nbd7 17. f3 Re8 18. Rxe8+ Nxe8 19. b4 Nef6 20. Kg2
Nb6 21. c5 dxc5 22. dxc5 Nbd5 23. Kg3 Nxb4 24. a3 0-1

[Event "Championnat vétéran des B d RH 2019 (-22"]
[Site "AUBAGNE "]
[Date "2019.05.02"]
[Round "3.19"]
[White "Periale, Francine"]
[Black "Derien, Robert"]
[Result "0-1"]
[WhiteElo "1027"]
[BlackElo "1564"]
[PlyCount "30"]
[EventDate "2019.??.??"]
[WhiteTeam "Cercle d'Echecs Aubagnais"]
[BlackTeam "Puy Ste Réparade"]

1. d4 Nf6 2. Nf3 d5 3. e3 Nc6 4. Bd3 Bg4 5. Nbd2 e5 6. Be2 e4 7. h3 exf3 8.
gxf3 Bh5 9. Nf1 Bd6 10. c3 a6 11. Ng3 Bg6 12. f4 Ne4 13. Bd3 Nxg3 14. Rg1 Ne4
15. f3 Qh4+ 0-1

[Event "Championnat vétéran des B d RH 2019 (-22"]
[Site "AUBAGNE "]
[Date "2019.05.02"]
[Round "3.20"]
[White "Bertrand, Frederic"]
[Black "Periale, Albert"]
[Result "0-1"]
[WhiteElo "1538"]
[BlackElo "1258"]
[PlyCount "54"]
[EventDate "2019.??.??"]
[WhiteTeam "Cercle d'Echecs Aubagnais"]
[BlackTeam "Cercle d'Echecs Aubagnais"]

1. e4 c5 2. d4 cxd4 3. c3 dxc3 4. Nxc3 d6 5. Nf3 g6 6. Bc4 e6 7. O-O Bg7 8. Qe2
Nf6 9. Rd1 Qc7 10. Nb5 Qc6 11. Nxd6+ Ke7 12. Bg5 h6 13. Ne5 Qc7 14. Bxf6+ Bxf6
15. Nexf7 Rh7 16. e5 Bh8 17. Nxh8 Rxh8 18. Rac1 Nc6 19. b4 a6 20. b5 axb5 21.
Bxb5 Bd7 22. a4 Rhf8 23. Qe4 Rg8 24. Qf4 Raf8 25. Bxc6 Rxf4 26. Bxd7 Qxd7 27.
Nc8+ Rxc8 0-1

[Event "Championnat vétéran des B d RH 2019 (-22"]
[Site "AUBAGNE "]
[Date "2019.05.02"]
[Round "3.21"]
[White "Blanc, Michel"]
[Black "Masson, Wally"]
[Result "1-0"]
[WhiteElo "1523"]
[BlackElo "1178"]
[PlyCount "55"]
[EventDate "2019.??.??"]
[WhiteTeam "Cercle d'Echecs Aubagnais"]
[BlackTeam "Cercle d'Echecs Aubagnais"]

1. d4 d5 2. Bf4 Nf6 3. e3 e6 4. Nd2 c5 5. c3 c4 6. Ngf3 Nc6 7. Be2 Be7 8. h3
Nh5 9. Bh2 O-O 10. O-O f5 11. b3 b5 12. bxc4 b4 13. cxb4 Nxb4 14. a3 Nc6 15.
cxd5 Qxd5 16. Qc2 Rb8 17. Rfc1 Bd7 18. Bxb8 Nxb8 19. Ne5 Bd6 20. Nxd7 Nxd7 21.
Bxh5 g6 22. Be2 e5 23. Bc4 Nb6 24. Bxd5+ Nxd5 25. Qc4 Kg7 26. Qxd5 Bb8 27. dxe5
Re8 28. Qd7+ 1-0

[Event "Championnat vétéran des B d RH 2019 (-22"]
[Site "AUBAGNE "]
[Date "2019.05.02"]
[Round "3.22"]
[White "Hunault, Francis"]
[Black "Lognos, Lina"]
[Result "1-0"]
[WhiteElo "1452"]
[BlackElo "1141"]
[PlyCount "51"]
[EventDate "2019.??.??"]
[WhiteTeam "Cercle d'Echecs Aubagnais"]
[BlackTeam "Cercle d'Echecs Aubagnais"]

1. d4 c5 2. d5 d6 3. e4 Nf6 4. Nc3 a6 5. f4 g6 6. Nf3 Bg7 7. Be2 O-O 8. O-O b5
9. Qe1 b4 10. e5 dxe5 11. fxe5 Nxd5 12. Ne4 Qc7 13. Bc4 Rd8 14. Qh4 Bxe5 15.
Nfg5 h5 16. Nxf7 Bd4+ 17. Kh1 Be6 18. Nxd8 Qxd8 19. Bh6 Bxb2 20. Rad1 Bf6 21.
Bg5 Nd7 22. Rxd5 Rb8 23. Bxf6 Bxd5 24. Bxd5+ Kh7 25. Bxe7 Qxe7 26. Qxe7+ 1-0

[Event "Championnat vétéran des B d RH 2019 (-22"]
[Site "AUBAGNE "]
[Date "2019.05.02"]
[Round "3.23"]
[White "Olive, Alain"]
[Black "Cocordano, Claire"]
[Result "1-0"]
[WhiteElo "1167"]
[BlackElo "1442"]
[PlyCount "101"]
[EventDate "2019.??.??"]
[WhiteTeam "Echiquier Brignolais"]
[BlackTeam "Cercle d'Echecs Aubagnais"]

1. e3 d6 2. Nc3 g6 3. d4 Bg7 4. Nf3 Nf6 5. h4 Bg4 6. Be2 Nbd7 7. Qd3 c5 8. d5
Bxf3 9. Bxf3 Ne5 10. Qb5+ Qd7 11. Be2 a6 12. Qb6 O-O 13. f4 Neg4 14. Bd2 Rfc8
15. O-O-O Qc7 16. Na4 Nf2 17. Rh2 Nxd1 18. Bxd1 Nxd5 19. Qb3 b5 20. Qxd5 bxa4
21. h5 e6 22. Qf3 Qc6 23. Qg4 Qb5 24. Bc3 Bxc3 25. bxc3 c4 26. hxg6 hxg6 27.
Qh4 Kf8 28. Qf6 Ke8 29. Bg4 Kd7 30. Qxf7+ Kc6 31. Bf3+ Kb6 32. Bxa8 Rxa8 33.
Qxe6 Qc5 34. Kd2 Kc6 35. Qe4+ Qd5+ 36. Qd4 Qxd4+ 37. exd4 d5 38. Rh6 Kb5 39.
Rxg6 Rf8 40. g3 Rh8 41. Re6 Rg8 42. Re3 Kc6 43. Ke2 Kd6 44. Kf3 Rb8 45. f5 Rb2
46. f6 Rb8 47. Kf4 Rf8 48. Kf5 Kd7 49. g4 Re8 50. Rxe8 Kxe8 51. g5 1-0